Manual de armonía: adaptado a los programas del Conservatorio Nacional de Música y Arte Escénico

Bewaard in:
Bibliografische gegevens
Hoofdauteur: Jurafsky, A (Auteur)
Formaat: Boek
Taal:Spaans
Gepubliceerd in: Buenos Aires Ricordi Americana 1946
Reeks:Manuales Musicales, BA 9121
Onderwerpen:
Tags: Voeg label toe
Geen labels, Wees de eerste die dit record labelt!

MARC

LEADER 00000nam a2200000 a 4500
001 UCL5549
003 CL-VaPUC
005 20231110144448.0
008 040312e19460000AG |||||||||||||||||spa|d
999 |c 308074  |d 308072 
020 |a 9502200373 
040 |c Pontificia Universidad Católica de Valparaíso 
082 0 4 |a 781.25 JUR 1946  |2 21 
100 0 |a Jurafsky, A  |e author  |9 483273 
245 1 0 |a Manual de armonía: adaptado a los programas del Conservatorio Nacional de Música y Arte Escénico 
260 |a Buenos Aires  |b Ricordi Americana  |c 1946 
300 |a 164 p 
490 0 |a Manuales Musicales, BA 9121 
583 |a last modification  |c 20040312 00:00:00  |k Rodrigo Vera 
650 0 |a Armonía  |9 306328 
650 0 |a Teoría musical  |9 265760 
942 |c BK  |2 ddc 
945 |d 20040312 00:00:00  |a cmena 
952 |0 0  |1 0  |2 ddc  |4 0  |6 781_250000000000000_JUR_1946  |7 0  |8 A  |9 374309  |a BIBEDU  |b BIBEDU  |d 2019-11-21  |i 3981975  |l 1  |o 781.25 JUR 1946  |p 3981975  |r 2023-01-12  |s 2022-09-01  |w 2019-11-21  |y BK  |k MUS